000 01252nam a2200301 c 4500
003 BLK
005 20180422095126.0
008 180413b bul|||||r ||||||| ||bul||
010 _aKNG00022298000
040 _aBLK
041 _aBUL
_cBUL
080 _aАмериканска литература (на САЩ)
_b821.111(73)
_x-31
_z821.111(73)-31
100 1 _aМайкъл, Джудит
_eпърви автор
_gФейн, Майкъл
_9248697
700 1 _aИгнатова, Правда
_eпрев. от англ.
_9364526
139 _aМайкъл, Джудит
_bМ 16
245 1 0 _aЛабиринт от лъжи
_bРоман
_cДжудит Майкъл; прев. от англ. Правда Игнатова.
257 _aUSA
260 София
_bПлеяда
_c1998
_fВраца : Полипринт
300 _a398 с.
_c20 см
380 _aX
500 _aОриг. загл. A Tangled Web. - Офс. изд. - Джудит Майкъл - псевд. на Джудит Барнард и Майкъл Фейн. - 3 000 тир.
653 _aромантична проза
852 _aЦб 195921
856 4 _qpdf
_u
856 4 _qpdf
_u
942 _cKNG
_n0
944 _aCR
_c15.01.2003
_kЛюдмила_Стоянова
944 _aED
_c22.10.2010
_k
999 _c20100
_d20100